[Event "DEN-ch"]
[Site "Aalborg"]
[Date "1979.??.??"]
[Round "1"]
[White "Jakobsen, Ole"]
[Black "Hvenekilde, Jorgen"]
[Result "1-0"]
[WhiteElo "2415"]
[BlackElo "2285"]
[PlyCount "61"]
[EventDate "1979.??.??"]
[EventType "tourn"]
[EventRounds "11"]
[EventCountry "DEN"]
[EventCategory "4"]
[Source "ChessBase"]
[SourceDate "1999.07.01"]

1. d4 d6 2. e4 Nf6 3. Nc3 g6 4. f4 Bg7 5. Nf3 c6 6. Bd3 O-O 7. O-O b5 8. e5
dxe5 9. fxe5 Nd5 10. Nxd5 Qxd5 11. Qe2 Bg4 12. c3 Qd7 13. h3 Bf5 14. Bxf5 Qxf5
15. a4 a6 16. axb5 cxb5 17. Ng5 Qc8 18. Nxf7 Nc6 19. Nh6+ Kh8 20. Bg5 Qe6 21.
Rxf8+ Rxf8 22. Qd2 Qc4 23. b4 a5 24. d5 Nxe5 25. Bxe7 Rf3 26. Re1 Rd3 27. Qf2
Qxc3 28. Bg5 Qxb4 29. Nf7+ Nxf7 30. Re8+ Bf8 31. Qxf7 1-0

[Event "DEN-ch"]
[Site "Aalborg"]
[Date "1979.??.??"]
[Round "3"]
[White "Jakobsen, Ole"]
[Black "Hoi, Carsten"]
[Result "1-0"]
[WhiteElo "2415"]
[BlackElo "2355"]
[PlyCount "99"]
[EventDate "1979.??.??"]
[EventType "tourn"]
[EventRounds "11"]
[EventCountry "DEN"]
[EventCategory "4"]
[Source "ChessBase"]
[SourceDate "1999.07.01"]

1. d4 g6 2. e4 Bg7 3. c4 d6 4. Nc3 e5 5. Nge2 exd4 6. Nxd4 Nc6 7. Be3 Nge7 8.
h4 h5 9. Qd2 Be6 10. O-O-O Qd7 11. Nxe6 Qxe6 12. Nd5 Rc8 13. f4 Qxe4 14. Re1
Qe6 15. Nxe7 Nxe7 16. Bd4 Qxe1+ 17. Qxe1 Bxd4 18. Bd3 Kd7 19. Qe4 Bf6 20. c5 d5
21. Qa4+ Nc6 22. Rd1 Rhe8 23. Qb3 Rcd8 24. Qxd5+ Ke7 25. Qb3 Kf8 26. Qxb7 Nd4
27. Qxc7 Rc8 28. Qd6+ Kg7 29. Kb1 Rb8 30. b3 Red8 31. Qa6 Nb5 32. Kc1 Nc3 33.
Rd2 Rdc8 34. Bc4 Rc7 35. Qa5 Rbc8 36. b4 Ne4 37. Rd5 Bc3 38. Ba6 Rxc5 39. Bxc8
Bd2+ 40. Kb2 Rxa5 41. Rxa5 Nd6 42. Rd5 Bxb4 43. Bh3 Nc4+ 44. Kb3 Nb6 45. Rb5
Be1 46. a4 Kf6 47. a5 Na8 48. Rb7 Bf2 49. Kc4 Be3 50. g3 1-0

[Event "DEN-ch"]
[Site "Aalborg"]
[Date "1979.??.??"]
[Round "9"]
[White "Kristiansen, Jens"]
[Black "Hoi, Carsten"]
[Result "1/2-1/2"]
[WhiteElo "2365"]
[BlackElo "2355"]
[PlyCount "64"]
[EventDate "1979.??.??"]
[EventType "tourn"]
[EventRounds "11"]
[EventCountry "DEN"]
[EventCategory "4"]
[Source "ChessBase"]
[SourceDate "1999.07.01"]

1. e4 g6 2. d4 Bg7 3. Nf3 d6 4. Be2 Nf6 5. Nc3 O-O 6. O-O Bg4 7. Be3 Nc6 8. Qd2
e5 9. d5 Ne7 10. Rad1 Kh8 11. h3 Bxf3 12. Bxf3 Nfg8 13. Be2 h6 14. f4 exf4 15.
Rxf4 g5 16. Rff1 Ng6 17. Bg4 Nf6 18. Bf5 Qe7 19. g3 Rae8 20. Kg2 Rg8 21. Bxg6
fxg6 22. e5 dxe5 23. d6 Qe6 24. dxc7 Qc6+ 25. Kh2 Qxc7 26. Qd6 Qxd6 27. Rxd6
Rgf8 28. Bxa7 e4 29. Bd4 Ng4+ 30. Kg1 Ne5 31. Rxf8+ Rxf8 32. Kg2 e3 1/2-1/2

[Event "DEN-ch"]
[Site "Aalborg"]
[Date "1979.??.??"]
[Round "6"]
[White "Kristiansen, Jens"]
[Black "Ost Hansen, Jacob"]
[Result "1-0"]
[WhiteElo "2365"]
[BlackElo "2380"]
[PlyCount "82"]
[EventDate "1979.??.??"]
[EventType "tourn"]
[EventRounds "11"]
[EventCountry "DEN"]
[EventCategory "4"]
[Source "ChessBase"]
[SourceDate "1999.07.01"]

1. e4 c6 2. c4 e5 3. Nf3 d6 4. d4 Nd7 5. Nc3 g6 6. c5 exd4 7. Qxd4 Qf6 8. cxd6
Qxd4 9. Nxd4 Bxd6 10. Bg5 Be7 11. h4 Ngf6 12. O-O-O h6 13. Bf4 Ng4 14. Rd2 h5
15. Bc4 Bf6 16. Nf3 Nde5 17. Nxe5 Nxe5 18. Bb3 O-O 19. Bg5 Bxg5 20. hxg5 Be6
21. f4 Ng4 22. g3 Bxb3 23. axb3 Rad8 24. Rhd1 Rxd2 25. Rxd2 f6 26. gxf6 Rxf6
27. e5 Rf7 28. Ne4 Kg7 29. Nd6 Re7 30. Nc8 Rc7 31. Rd8 g5 32. e6 gxf4 33. gxf4
Kf6 34. f5 Nh6 35. Nd6 Nxf5 36. Ne8+ Ke7 37. Ra8 Kxe6 38. Nxc7+ Kd7 39. Ne8 Ke7
40. Rxa7 Kxe8 41. Rxb7 Ne7 1-0

[Event "DEN-ch"]
[Site "Aalborg"]
[Date "1979.??.??"]
[Round "4"]
[White "Kristiansen, Jens"]
[Black "Sorensen, Bent"]
[Result "1-0"]
[WhiteElo "2365"]
[BlackElo "2305"]
[PlyCount "119"]
[EventDate "1979.??.??"]
[EventType "tourn"]
[EventRounds "11"]
[EventCountry "DEN"]
[EventCategory "4"]
[Source "ChessBase"]
[SourceDate "1999.07.01"]

1. e4 e6 2. d4 d5 3. Nd2 c5 4. Ngf3 Nc6 5. exd5 exd5 6. Bb5 Bd6 7. O-O Nge7 8.
dxc5 Bxc5 9. Nb3 Bd6 10. Bg5 O-O 11. Re1 Qc7 12. c3 Bg4 13. h3 Bh5 14. Be2 h6
15. Bxe7 Nxe7 16. Nbd4 Qd7 17. Nh4 Bg6 18. Bb5 Qc7 19. Bd3 Bxd3 20. Qxd3 Bc5
21. Ndf5 Nxf5 22. Nxf5 Qf4 23. Ne7+ Kh8 24. Re2 d4 25. Nd5 Qd6 26. c4 b5 27. b3
bxc4 28. bxc4 Rfe8 29. Rae1 Re6 30. g3 Rae8 31. Nf4 Rxe2 32. Rxe2 Re7 33. Rxe7
Qxe7 34. Qf5 g6 35. Qd5 Bb6 36. Nd3 Kg8 37. c5 Bc7 38. Qxd4 Qe6 39. Nf4 Bxf4
40. Qxf4 Qd5 41. Qc1 Qc6 42. Qc3 Kf8 43. Qh8+ Ke7 44. Qxh6 Qd5 45. Qf4 Qxa2 46.
Qd6+ Ke8 47. c6 Qb1+ 48. Kg2 Qe4+ 49. Kh2 Qf5 50. Qb8+ Ke7 51. Qxa7+ Kd6 52.
Qd7+ Qxd7 53. cxd7 Kxd7 54. h4 Ke6 55. g4 Ke5 56. Kg3 Ke4 57. f4 f6 58. h5 gxh5
59. gxh5 Kf5 60. Kh4 1-0

[Event "DEN-ch"]
[Site "Aalborg"]
[Date "1979.??.??"]
[Round "2"]
[White "Kristiansen, Jens"]
[Black "Jakobsen, Ole"]
[Result "1/2-1/2"]
[WhiteElo "2365"]
[BlackElo "2415"]
[PlyCount "56"]
[EventDate "1979.??.??"]
[EventType "tourn"]
[EventRounds "11"]
[EventCountry "DEN"]
[EventCategory "4"]
[Source "ChessBase"]
[SourceDate "1999.07.01"]

1. e4 c5 2. Nc3 e6 3. Nf3 a6 4. d4 cxd4 5. Nxd4 Qc7 6. Be2 b5 7. O-O Bb7 8. a3
Nf6 9. Bf3 Nc6 10. Nxc6 dxc6 11. Qe2 Bd6 12. g3 h5 13. Rd1 Be5 14. h4 g6 15.
Bg5 Nd7 16. Bg2 f6 17. Be3 O-O-O 18. f4 Bxc3 19. bxc3 Nb6 20. Bh3 Kb8 21. Bxe6
Rde8 22. Qf2 Rxe6 23. Bxb6 Qf7 24. Rd4 c5 25. Bxc5 Rxe4 26. Rad1 Rxd4 27. Qxd4
Rc8 28. Re1 Re8 1/2-1/2

[Event "DEN-ch"]
[Site "Aalborg"]
[Date "1979.??.??"]
[Round "2"]
[White "Larsen, Ernst"]
[Black "Fries Nielsen, Jens Ove"]
[Result "1/2-1/2"]
[WhiteElo "2200"]
[BlackElo "2310"]
[PlyCount "40"]
[EventDate "1979.??.??"]
[EventType "tourn"]
[EventRounds "11"]
[EventCountry "DEN"]
[EventCategory "4"]
[Source "ChessBase"]
[SourceDate "1999.07.01"]

1. Nf3 Nf6 2. c4 d5 3. d4 g6 4. Nc3 Bg7 5. e3 O-O 6. Be2 c6 7. O-O e6 8. b3
Nbd7 9. Bb2 Re8 10. Qc2 b6 11. e4 Nh5 12. Rfe1 Bb7 13. exd5 cxd5 14. cxd5 Nf4
15. dxe6 Rxe6 16. d5 Nxe2+ 17. Rxe2 Rxe2 18. Qxe2 Rc8 19. Qd2 Rc5 20. Rd1 Bxc3
1/2-1/2

[Event "DEN-ch"]
[Site "Aalborg"]
[Date "1979.??.??"]
[Round "10"]
[White "Larsen, Ernst"]
[Black "Hoi, Carsten"]
[Result "1/2-1/2"]
[WhiteElo "2200"]
[BlackElo "2355"]
[PlyCount "37"]
[EventDate "1979.??.??"]
[EventType "tourn"]
[EventRounds "11"]
[EventCountry "DEN"]
[EventCategory "4"]
[Source "ChessBase"]
[SourceDate "1999.07.01"]

1. Nf3 Nf6 2. d4 g6 3. c4 Bg7 4. Nc3 O-O 5. e3 d6 6. Be2 Nbd7 7. O-O e5 8. Qc2
c6 9. b3 Re8 10. Ba3 Qc7 11. dxe5 dxe5 12. Ng5 Bf8 13. Bxf8 Rxf8 14. Rfd1 a5
15. Nge4 b6 16. Rd2 Bb7 17. Rad1 Rad8 18. Bf3 Kg7 19. Nxf6 1/2-1/2

[Event "DEN-ch"]
[Site "Aalborg"]
[Date "1979.??.??"]
[Round "8"]
[White "Larsen, Ernst"]
[Black "Kristiansen, Jens"]
[Result "1/2-1/2"]
[WhiteElo "2200"]
[BlackElo "2365"]
[PlyCount "80"]
[EventDate "1979.??.??"]
[EventType "tourn"]
[EventRounds "11"]
[EventCountry "DEN"]
[EventCategory "4"]
[Source "ChessBase"]
[SourceDate "1999.07.01"]

1. d4 f5 2. e4 fxe4 3. Nc3 Nf6 4. f3 d5 5. fxe4 dxe4 6. Bg5 Bf5 7. Bc4 Nc6 8.
Nge2 Qd7 9. O-O O-O-O 10. Qe1 e6 11. Rd1 Na5 12. Bb3 Nxb3 13. axb3 Bd6 14. Ng3
Rhf8 15. Ngxe4 Bb4 16. Qe2 Qc6 17. d5 exd5 18. Nxf6 gxf6 19. Rxf5 fxg5 20.
Rfxd5 Rxd5 21. Nxd5 Bc5+ 22. Kh1 Kb8 23. c4 Qg6 24. Rf1 c6 25. Rf6 Qg7 26. Qe5+
Kc8 27. Qf5+ Kd8 28. Rxf8+ Bxf8 29. Nf6 Qe7 30. Ne4 h6 31. h3 Bg7 32. Qa5+ b6
33. Qd2+ Kc7 34. Ng3 Qe5 35. Qf2 Qxb2 36. Qf7+ Kb8 37. Qe8+ Kb7 38. Qd7+ Ka6
39. Qxc6 Qxb3 40. Qc8+ Ka5 1/2-1/2

[Event "DEN-ch"]
[Site "Aalborg"]
[Date "1979.??.??"]
[Round "4"]
[White "Larsen, Ernst"]
[Black "Ost Hansen, Jacob"]
[Result "0-1"]
[WhiteElo "2200"]
[BlackElo "2380"]
[PlyCount "78"]
[EventDate "1979.??.??"]
[EventType "tourn"]
[EventRounds "11"]
[EventCountry "DEN"]
[EventCategory "4"]
[Source "ChessBase"]
[SourceDate "1999.07.01"]

1. d4 Nf6 2. Nf3 g6 3. c4 Bg7 4. Nc3 O-O 5. g3 d6 6. Bg2 Nbd7 7. O-O e5 8. e4
c6 9. Rb1 a5 10. h3 exd4 11. Nxd4 Re8 12. Re1 Nc5 13. Bf4 Nh5 14. Be3 Nf6 15.
Bf4 Nh5 16. Be3 Qc7 17. Qd2 Nf6 18. Bh6 Bh8 19. Bf4 Nfd7 20. Be3 a4 21. b4 axb3
22. axb3 Ne5 23. Qc2 Bg7 24. Ra1 Qb8 25. f4 Ned3 26. Rxa8 Qxa8 27. Rd1 Nb4 28.
Qb1 f5 29. Nde2 fxe4 30. Rxd6 Qa5 31. Kh2 Nbd3 32. Nxe4 Nxe4 33. Bxe4 Rxe4 34.
Qxd3 Re8 35. g4 Qc7 36. Ng3 Rxe3 37. Rd8+ Kf7 38. Rxc8 Qxf4 39. Qd7+ Re7 0-1

[Event "DEN-ch"]
[Site "Aalborg"]
[Date "1979.??.??"]
[Round "6"]
[White "Larsen, Ernst"]
[Black "Hvenekilde, Jorgen"]
[Result "1-0"]
[WhiteElo "2200"]
[BlackElo "2285"]
[PlyCount "101"]
[EventDate "1979.??.??"]
[EventType "tourn"]
[EventRounds "11"]
[EventCountry "DEN"]
[EventCategory "4"]
[Source "ChessBase"]
[SourceDate "1999.07.01"]

1. Nf3 d5 2. c4 e6 3. d4 Nf6 4. Nc3 Be7 5. e3 O-O 6. b3 b6 7. Bd3 Bb7 8. Bb2
dxc4 9. bxc4 c5 10. O-O Nc6 11. Qe2 Nb4 12. Bb1 cxd4 13. exd4 Bxf3 14. gxf3
Qxd4 15. Ne4 Qd7 16. Rd1 Qc7 17. Nxf6+ Bxf6 18. Bxh7+ Kxh7 19. Qe4+ Kg8 20.
Bxf6 Qc5 21. Qg4 g6 22. Rd7 Qh5 23. Qxh5 gxh5 24. Be7 Nc6 25. Bxf8 Kxf8 26. Rc7
Nd4 27. Kg2 Kg7 28. f4 Kf6 29. Rd1 Rg8+ 30. Kf1 Nf3 31. h3 a5 32. Ke2 Ng1+ 33.
Ke3 h4 34. Rb7 Rg2 35. Rxb6 Nxh3 36. Rh1 Nxf2 37. Kf3 h3 38. Rxh3 Nxh3 39. Kxg2
Nxf4+ 40. Kf3 Ng6 41. Ke4 Kg5 42. c5 f5+ 43. Kf3 Kf6 44. c6 Ne5+ 45. Kg3 Ke7
46. c7 Kd7 47. Rxe6 Ng4 48. Rc6 Kc8 49. Kf4 Nf2 50. Kxf5 Nd3 51. a3 1-0

[Event "DEN-ch"]
[Site "Aalborg"]
[Date "1979.??.??"]
[Round "8"]
[White "Mortensen, Erling"]
[Black "Sorensen, Bent"]
[Result "1-0"]
[WhiteElo "2365"]
[BlackElo "2305"]
[PlyCount "89"]
[EventDate "1979.??.??"]
[EventType "tourn"]
[EventRounds "11"]
[EventCountry "DEN"]
[EventCategory "4"]
[Source "ChessBase"]
[SourceDate "1999.07.01"]

1. c4 e6 2. Nc3 d5 3. d4 c6 4. Nf3 Nf6 5. cxd5 exd5 6. Bg5 Be7 7. Qc2 g6 8. e3
Bf5 9. Bd3 Bxd3 10. Qxd3 O-O 11. Bxf6 Bxf6 12. b4 a6 13. O-O Nd7 14. a4 b5 15.
a5 Be7 16. Rab1 Bd6 17. Ne2 Rc8 18. Rfc1 Qe7 19. Qb3 Rc7 20. Rc2 Rfc8 21. Nc1
Kg7 22. Nd3 Kg8 23. Nc5 Bxc5 24. bxc5 Re8 25. Ne1 Nb8 26. Nd3 Qe6 27. Re2 Rce7
28. Rbe1 Nd7 29. Nb4 Nb8 30. Qd3 f5 31. f3 Qd7 32. e4 dxe4 33. fxe4 Qd8 34. d5
fxe4 35. Rxe4 Rxe4 36. Rxe4 Rxe4 37. Qxe4 cxd5 38. Qe6+ Kg7 39. c6 Qf8 40. Nd3
Nxc6 41. Qxc6 Qa3 42. Qc7+ Kg8 43. Nf4 Qa1+ 44. Kf2 Qf6 45. Ke3 1-0

[Event "DEN-ch"]
[Site "Aalborg"]
[Date "1979.??.??"]
[Round "3"]
[White "Mortensen, Erling"]
[Black "Pedersen, Erik"]
[Result "1-0"]
[WhiteElo "2365"]
[BlackElo "2330"]
[PlyCount "65"]
[EventDate "1979.??.??"]
[EventType "tourn"]
[EventRounds "11"]
[EventCountry "DEN"]
[EventCategory "4"]
[Source "ChessBase"]
[SourceDate "1999.07.01"]

1. c4 c5 2. Nf3 Nc6 3. Nc3 e6 4. g3 Nf6 5. Bg2 d5 6. cxd5 Nxd5 7. Nxd5 Qxd5 8.
O-O Be7 9. d3 O-O 10. Be3 Qh5 11. Rc1 Bd7 12. d4 cxd4 13. Nxd4 Rfd8 14. Qb3 Na5
15. Qd3 e5 16. Nf3 Nc6 17. Qb3 Rab8 18. Rfd1 Qg6 19. Ne1 e4 20. Nc2 b6 21. Nd4
Nxd4 22. Rxd4 Bc6 23. Rxd8+ Rxd8 24. Qc4 Bd5 25. Qc7 Bf6 26. Qxa7 Bxb2 27. Rd1
Bf6 28. Qxb6 Qg4 29. f3 exf3 30. Bxf3 Qa4 31. Rd2 Qa8 32. Rxd5 Rxd5 33. Qb3 1-0

[Event "DEN-ch"]
[Site "Aalborg"]
[Date "1979.??.??"]
[Round "5"]
[White "Mortensen, Erling"]
[Black "Larsen, Ernst"]
[Result "1-0"]
[WhiteElo "2365"]
[BlackElo "2200"]
[PlyCount "79"]
[EventDate "1979.??.??"]
[EventType "tourn"]
[EventRounds "11"]
[EventCountry "DEN"]
[EventCategory "4"]
[Source "ChessBase"]
[SourceDate "1999.07.01"]

1. c4 e6 2. g3 d5 3. Bg2 c5 4. Nf3 Nc6 5. O-O Nf6 6. d4 Be7 7. cxd5 exd5 8. Nc3
O-O 9. Bg5 c4 10. Ne5 Be6 11. e3 Nd7 12. Bxe7 Nxe7 13. f4 Nxe5 14. dxe5 Qa5 15.
g4 b5 16. a3 b4 17. axb4 Qxb4 18. Rf2 g6 19. f5 gxf5 20. gxf5 Nxf5 21. Qh5 Rfd8
22. Rxf5 Bxf5 23. Qxf5 Qxb2 24. Rf1 Qxc3 25. Qxf7+ Kh8 26. Qf6+ Kg8 27. Qf7+
Kh8 28. Qf6+ Kg8 29. Kh1 Qxe3 30. Rg1 Qxg1+ 31. Kxg1 c3 32. Bxd5+ Rxd5 33. Qe6+
Kf8 34. Qxd5 Re8 35. Qc5+ Kf7 36. Qxc3 Re7 37. Kf2 Ke6 38. Qc5 Rd7 39. Qc6+ Ke7
40. Ke3 1-0

[Event "DEN-ch"]
[Site "Aalborg"]
[Date "1979.??.??"]
[Round "1"]
[White "Mortensen, Erling"]
[Black "Kristiansen, Jens"]
[Result "1/2-1/2"]
[WhiteElo "2365"]
[BlackElo "2365"]
[PlyCount "73"]
[EventDate "1979.??.??"]
[EventType "tourn"]
[EventRounds "11"]
[EventCountry "DEN"]
[EventCategory "4"]
[Source "ChessBase"]
[SourceDate "1999.07.01"]

1. Nf3 Nf6 2. c4 b6 3. d3 Bb7 4. e4 e6 5. Nc3 d6 6. g3 Be7 7. Bg2 O-O 8. O-O c5
9. b3 a6 10. Bb2 Qd7 11. Qe2 Nc6 12. Rfd1 Rfc8 13. Na4 Qc7 14. e5 dxe5 15. Nxe5
Rd8 16. Nxc6 Bxc6 17. d4 cxd4 18. Bxd4 Bxg2 19. Kxg2 b5 20. cxb5 Qb7+ 21. Qf3
Qxf3+ 22. Kxf3 axb5 23. Bc5 Rxd1 24. Rxd1 Bxc5 25. Nxc5 Nd5 26. a4 bxa4 27.
bxa4 Ra5 28. Rb1 Kf8 29. Rb8+ Ke7 30. Rb7+ Kf6 31. Nd7+ Ke7 32. Ne5+ Kf6 33.
Nd7+ Ke7 34. Ne5+ Kf6 35. Nxf7 Rxa4 36. Nd8 Ra3+ 37. Kg2 1/2-1/2

[Event "DEN-ch"]
[Site "Aalborg"]
[Date "1979.??.??"]
[Round "6"]
[White "Mortensen, Erling"]
[Black "Jakobsen, Ole"]
[Result "1/2-1/2"]
[WhiteElo "2365"]
[BlackElo "2415"]
[PlyCount "143"]
[EventDate "1979.??.??"]
[EventType "tourn"]
[EventRounds "11"]
[EventCountry "DEN"]
[EventCategory "4"]
[Source "ChessBase"]
[SourceDate "1999.07.01"]

1. Nf3 Nf6 2. g3 b5 3. Bg2 Bb7 4. O-O e6 5. d3 Be7 6. e4 d6 7. Nbd2 c5 8. a4 a6
9. e5 dxe5 10. Nxe5 Bxg2 11. Kxg2 Qd5+ 12. Qf3 Qxf3+ 13. Ndxf3 b4 14. b3 O-O
15. Bd2 Nd5 16. Rae1 Bf6 17. g4 Rc8 18. Kg3 Bxe5+ 19. Nxe5 Nc6 20. Nxc6 Rxc6
21. f4 f6 22. f5 exf5 23. Rxf5 Rd8 24. Re4 Kf7 25. Rf2 Re8 26. Rfe2 Rce6 27.
Kf3 g6 28. Rxe6 Rxe6 29. Re4 Rxe4 30. Kxe4 Ke6 31. d4 f5+ 32. gxf5+ gxf5+ 33.
Kd3 Kd6 34. Bh6 cxd4 35. Kxd4 a5 36. Bg5 f4 37. Bd8 Ne3 38. Kd3 Ng4 39. Bxa5
Kc5 40. h4 Ne5+ 41. Ke2 f3+ 42. Kf2 Nc6 43. Bc7 Nd4 44. Be5 Nxc2 45. Kxf3 Kd5
46. Bf6 Ke6 47. Bg7 Kd5 48. h5 Ne1+ 49. Ke2 Ng2 50. h6 Nf4+ 51. Kd2 Ne6 52. Kc2
Ke4 53. Bf6 Ke3 54. Be7 Nd4+ 55. Kb2 Nc6 56. Bc5+ Kd3 57. Bb6 Nb8 58. Bf2 Kd2
59. Bg3 Na6 60. Bf4+ Kd3 61. a5 Nc5 62. Be5 Kd2 63. Bd6 Na6 64. Bxb4+ Nxb4 65.
Ka3 Kc3 66. Ka4 Na6 67. Kb5 Nb4 68. a6 Nxa6 69. Kxa6 Kxb3 70. Kb5 Ka3 71. Kc5
Ka4 72. Kd6 1/2-1/2

[Event "DEN-ch"]
[Site "Aalborg"]
[Date "1979.??.??"]
[Round "10"]
[White "Mortensen, Erling"]
[Black "Ost Hansen, Jacob"]
[Result "0-1"]
[WhiteElo "2365"]
[BlackElo "2380"]
[PlyCount "86"]
[EventDate "1979.??.??"]
[EventType "tourn"]
[EventRounds "11"]
[EventCountry "DEN"]
[EventCategory "4"]
[Source "ChessBase"]
[SourceDate "1999.07.01"]

1. e4 c6 2. d4 d5 3. exd5 cxd5 4. c4 Nf6 5. Nc3 e6 6. Nf3 Be7 7. cxd5 Nxd5 8.
Bd3 Nc6 9. O-O O-O 10. Re1 Qd6 11. a3 Rd8 12. Qc2 h6 13. Nxd5 Qxd5 14. Be3 Bd7
15. Be4 Qb5 16. Rad1 Bf6 17. Bh7+ Kh8 18. Bd3 Qa5 19. Qe2 Be8 20. Bb1 Ne7 21.
Bf4 Kg8 22. Be5 Bxe5 23. dxe5 Rxd1 24. Rxd1 Rd8 25. h4 Bc6 26. Rd6 Bxf3 27.
Rxd8+ Qxd8 28. Qxf3 Nc6 29. Qe4 Qd1+ 30. Kh2 Qh5 31. Qh7+ Kf8 32. Qh8+ Ke7 33.
Qxg7 Qxh4+ 34. Kg1 Qf4 35. Bh7 Nxe5 36. g3 Qc1+ 37. Kg2 Qxb2 38. Be4 b6 39. Qg8
Qd4 40. Qa8 Ng4 41. f3 Qd2+ 42. Kh3 Nf2+ 43. Kh4 Qg5# 0-1

[Event "DEN-ch"]
[Site "Aalborg"]
[Date "1979.??.??"]
[Round "9"]
[White "Ost Hansen, Jacob"]
[Black "Fries Nielsen, Niels Jorgen"]
[Result "1/2-1/2"]
[WhiteElo "2380"]
[BlackElo "2300"]
[PlyCount "46"]
[EventDate "1979.??.??"]
[EventType "tourn"]
[EventRounds "11"]
[EventCountry "DEN"]
[EventCategory "4"]
[Source "ChessBase"]
[SourceDate "1999.07.01"]

1. g3 Nf6 2. Bg2 g6 3. e4 d6 4. Nc3 Bg7 5. d4 O-O 6. Nge2 e5 7. O-O Nc6 8. Re1
h6 9. h3 a6 10. a4 Bd7 11. Be3 Qc8 12. Kh2 Kh7 13. f4 exf4 14. Nxf4 Ne7 15. a5
Rb8 16. Rf1 Qe8 17. Qd2 Rd8 18. Rae1 Bb5 19. Rf2 Neg8 20. b3 Bc6 21. d5 Bd7 22.
Bd4 Bc8 23. Rfe2 Nd7 1/2-1/2

[Event "DEN-ch"]
[Site "Aalborg"]
[Date "1979.??.??"]
[Round "11"]
[White "Ost Hansen, Jacob"]
[Black "Jakobsen, Ole"]
[Result "1-0"]
[WhiteElo "2380"]
[BlackElo "2415"]
[PlyCount "107"]
[EventDate "1979.??.??"]
[EventType "tourn"]
[EventRounds "11"]
[EventCountry "DEN"]
[EventCategory "4"]
[Source "ChessBase"]
[SourceDate "1999.07.01"]

1. e4 c5 2. d3 Nc6 3. g3 g6 4. Bg2 Bg7 5. Nc3 d6 6. Nh3 Bxh3 7. Bxh3 e6 8. O-O
Nge7 9. Bg2 O-O 10. Be3 Rb8 11. Qd2 b5 12. Bh6 Bxh6 13. Qxh6 Nd4 14. Qd2 b4 15.
Nd1 f5 16. f4 e5 17. c3 bxc3 18. bxc3 Ne6 19. exf5 gxf5 20. Qe2 Qc7 21. Ne3 Kh8
22. Nc4 Ng6 23. Rae1 Nexf4 24. gxf4 Rg8 25. Kh1 Nxf4 26. Rxf4 exf4 27. Bd5 Rg6
28. Qd2 Qg7 29. Rf1 f3 30. Bxf3 Rg8 31. Qf2 Qxc3 32. Bd5 Qxd3 33. Bxg8 Rxg8 34.
Ne3 d5 35. Qf4 Qe4+ 36. Qxe4 fxe4 37. Nxd5 Rd8 38. Rd1 Rd6 39. Nc3 Re6 40. Re1
e3 41. Kg2 Kg7 42. Kf3 Rh6 43. Re2 Kf7 44. Ne4 Rh5 45. Kxe3 Ke6 46. Kd3 Rh4 47.
Nxc5+ Kd5 48. Ne4 Rh3+ 49. Ng3 Rh4 50. Rf2 Ra4 51. Kc3 Ra3+ 52. Kb4 Rd3 53. Rf7
a5+ 54. Ka4 1-0

[Event "DEN-ch"]
[Site "Aalborg"]
[Date "1979.??.??"]
[Round "7"]
[White "Ost Hansen, Jacob"]
[Black "Hoi, Carsten"]
[Result "0-1"]
[WhiteElo "2380"]
[BlackElo "2355"]
[PlyCount "82"]
[EventDate "1979.??.??"]
[EventType "tourn"]
[EventRounds "11"]
[EventCountry "DEN"]
[EventCategory "4"]
[Source "ChessBase"]
[SourceDate "1999.07.01"]

1. e4 g6 2. d4 Bg7 3. Nf3 d6 4. Nc3 Nf6 5. Be2 O-O 6. O-O Bg4 7. Be3 Nc6 8. Qd2
e5 9. d5 Ne7 10. Rad1 Bd7 11. Ne1 b5 12. a3 a5 13. b4 axb4 14. axb4 Qb8 15. Bg5
Ra3 16. f4 exf4 17. Qxf4 Nh5 18. Bxh5 f6 19. Bh6 Rxc3 20. Bxg7 Kxg7 21. Bf3
Qb6+ 22. Kh1 g5 23. Qg3 Ng6 24. Rd3 Rc4 25. Bg4 Bxg4 26. Qxg4 Ne5 27. Qd1 Nxd3
28. cxd3 Rxb4 29. Nc2 Rb2 30. d4 Qa5 31. Ne3 Qd2 32. Qf3 Qe2 33. Qg3 Kh8 34. h4
Rb3 35. Rf3 gxh4 36. Qf4 Rxe3 37. Qxe3 Qxe3 38. Rxe3 Rb8 39. Kh2 b4 40. Rb3 Kg7
41. Kh3 Re8 0-1

[Event "DEN-ch"]
[Site "Aalborg"]
[Date "1979.??.??"]
[Round "2"]
[White "Ost Hansen, Jacob"]
[Black "Sorensen, Bent"]
[Result "1/2-1/2"]
[WhiteElo "2380"]
[BlackElo "2305"]
[PlyCount "54"]
[EventDate "1979.??.??"]
[EventType "tourn"]
[EventRounds "11"]
[EventCountry "DEN"]
[EventCategory "4"]
[Source "ChessBase"]
[SourceDate "1999.07.01"]

1. e4 e6 2. d3 d5 3. Nd2 Nf6 4. Ngf3 Nc6 5. c3 e5 6. b4 Bd6 7. Bb2 O-O 8. Be2
Ne7 9. O-O Ng6 10. Re1 c6 11. Bf1 Qb6 12. h3 Re8 13. a3 a5 14. Rb1 Qc7 15. Ba1
axb4 16. axb4 b6 17. Qc2 Bb7 18. Bb2 c5 19. bxc5 Bxc5 20. Qb3 Bc6 21. Ra1 Qb7
22. exd5 Nxd5 23. d4 exd4 24. cxd4 Bb4 25. Rxa8 Rxa8 26. Rc1 Ba4 27. Qc4 Bd7
1/2-1/2

[Event "DEN-ch"]
[Site "Aalborg"]
[Date "1979.??.??"]
[Round "10"]
[White "Pedersen, Erik"]
[Black "Kristiansen, Jens"]
[Result "1/2-1/2"]
[WhiteElo "2330"]
[BlackElo "2365"]
[PlyCount "74"]
[EventDate "1979.??.??"]
[EventType "tourn"]
[EventRounds "11"]
[EventCountry "DEN"]
[EventCategory "4"]
[Source "ChessBase"]
[SourceDate "1999.07.01"]

1. Nf3 Nf6 2. b3 c5 3. Bb2 Nc6 4. e3 d5 5. Be2 e6 6. O-O Be7 7. d4 O-O 8. c4
dxc4 9. Bxc4 cxd4 10. Nxd4 Bd7 11. Nc3 Qa5 12. Nf3 Rfd8 13. a3 Rac8 14. Qe2 Qh5
15. Nd2 Qxe2 16. Bxe2 Na5 17. b4 Bb5 18. Bxb5 Rxd2 19. Na4 a6 20. Rac1 Rxc1 21.
Bxc1 axb5 22. Bxd2 Nc4 23. Nc3 Nxd2 24. Rd1 Nc4 25. Nxb5 Nd5 26. Rc1 Ndb6 27.
Kf1 f5 28. Ke2 Kf7 29. f4 Nd6 30. Nxd6+ Bxd6 31. h3 Nd5 32. Rc8 h6 33. Ra8 Kf6
34. Ra7 b6 35. Rd7 Be7 36. g4 g6 37. Kf3 Nc3 1/2-1/2

[Event "DEN-ch"]
[Site "Aalborg"]
[Date "1979.??.??"]
[Round "4"]
[White "Pedersen, Erik"]
[Black "Jakobsen, Ole"]
[Result "0-1"]
[WhiteElo "2330"]
[BlackElo "2415"]
[PlyCount "52"]
[EventDate "1979.??.??"]
[EventType "tourn"]
[EventRounds "11"]
[EventCountry "DEN"]
[EventCategory "4"]
[Source "ChessBase"]
[SourceDate "1999.07.01"]

1. Nf3 c5 2. b3 b6 3. Bb2 Bb7 4. e3 e6 5. d4 Nf6 6. Bd3 Be7 7. O-O O-O 8. c4
cxd4 9. exd4 d5 10. Nc3 Nc6 11. Qe2 Rc8 12. Rfd1 Re8 13. Rac1 Bf8 14. Bb1 g6
15. Ne5 Bh6 16. Nxc6 Bxc6 17. Rc2 dxc4 18. bxc4 Nh5 19. Qg4 f5 20. Qh3 Bg7 21.
d5 exd5 22. cxd5 Bxd5 23. Rcd2 Qe7 24. Re2 Qf7 25. Rxe8+ Rxe8 26. Bc2 Nf4 0-1

[Event "DEN-ch"]
[Site "Aalborg"]
[Date "1979.??.??"]
[Round "1"]
[White "Pedersen, Erik"]
[Black "Larsen, Ernst"]
[Result "1/2-1/2"]
[WhiteElo "2330"]
[BlackElo "2200"]
[PlyCount "76"]
[EventDate "1979.??.??"]
[EventType "tourn"]
[EventRounds "11"]
[EventCountry "DEN"]
[EventCategory "4"]
[Source "ChessBase"]
[SourceDate "1999.07.01"]

1. e4 d5 2. exd5 Qxd5 3. Nc3 Qa5 4. d4 Nf6 5. Nf3 Bf5 6. Bc4 c6 7. O-O e6 8.
Bf4 Be7 9. a3 O-O 10. Qe2 Nbd7 11. h3 Rfe8 12. Nh4 Bg6 13. Nxg6 hxg6 14. Rfe1
Nb6 15. Bd3 Nbd5 16. Nxd5 Nxd5 17. Bd2 Qc7 18. Qf3 Rad8 19. Rad1 Bf6 20. c3 e5
21. dxe5 Rxe5 22. Rxe5 Bxe5 23. Bg5 Bf6 24. Bxf6 Nxf6 25. Re1 Qd7 26. Bc4 Re8
27. Rxe8+ Qxe8 28. Qd1 Qe7 29. b4 b6 30. a4 a5 31. bxa5 bxa5 32. Qd4 c5 33. Qf4
Nd7 34. Qc7 Qe1+ 35. Bf1 Nf6 36. Qxa5 Ne4 37. Qd8+ Kh7 38. Qh4+ Kg8 1/2-1/2